<?xml version="1.0" encoding="UTF-8"?>
<record
    xmlns:xsi="http://www.w3.org/2001/XMLSchema-instance"
    xsi:schemaLocation="http://www.loc.gov/MARC21/slim http://www.loc.gov/standards/marcxml/schema/MARC21slim.xsd"
    xmlns="http://www.loc.gov/MARC21/slim">

  <leader>03682nam a2200493 i 4500</leader>
  <controlfield tag="001">161841</controlfield>
  <controlfield tag="003">ES-MaACL</controlfield>
  <controlfield tag="005">20250825062643.0</controlfield>
  <controlfield tag="008">940301m18821885sp a         |||| | spa d</controlfield>
  <datafield tag="040" ind1=" " ind2=" ">
    <subfield code="c">ES-MaACL</subfield>
  </datafield>
  <datafield tag="080" ind1=" " ind2=" ">
    <subfield code="a">821.134.2-31"18"</subfield>
  </datafield>
  <datafield tag="100" ind1="1" ind2=" ">
    <subfield code="a">P&#xE9;rez Gald&#xF3;s, Benito,</subfield>
    <subfield code="d">1843-1920</subfield>
    <subfield code="e">aut</subfield>
    <subfield code="9">90871</subfield>
  </datafield>
  <datafield tag="245" ind1="1" ind2="0">
    <subfield code="a">Episodios nacionales / </subfield>
    <subfield code="c">por B. P&#xE9;rez Gald&#xF3;s.</subfield>
  </datafield>
  <datafield tag="260" ind1=" " ind2=" ">
    <subfield code="a">Madrid : </subfield>
    <subfield code="b">Administraci&#xF3;n de La Guirnalda y Episodios Nacionales,</subfield>
    <subfield code="c">1882-1885</subfield>
  </datafield>
  <datafield tag="300" ind1=" " ind2=" ">
    <subfield code="a">10 vol&#xFA;menes : </subfield>
    <subfield code="b">ilustraciones ; </subfield>
    <subfield code="c">28 cm.</subfield>
  </datafield>
  <datafield tag="505" ind1=" " ind2=" ">
    <subfield code="a">I. Trafalgar ; La corte de Carlos IV / edici&#xF3;n ilustrada por Enrique y Arturo M&#xE9;lida -- II. El 19 de marzo y el 2 de mayo / edici&#xF3;n ilustrada por Enrique y Arturo M&#xE9;lida -- III. Napole&#xF3;n en Chamart&#xED;n ; Zaragoza / ilustrado por M&#xE9;lida y Lizcano -- IV. Gerona ; C&#xE1;diz / ilustrado por Pellicer ... [et al.] -- V. Juan Mart&#xED;n El Empecinado ; La batalla de los Arapiles / ilustrado por Pellicer ... [et al.] -- VI. El equipaje del Rey Jos&#xE9; ; Memorias de un cortesano / ilustrado por Mestres y Sala -- VII.  La segunda casaca ; El grande Oriente / ilustrado por M&#xE9;lida y Pellicer -- VIII. 7 de julio ; Los Cien Mil hijos de San Luis / ilustrado por G&#xF3;mez Soler y Esteban -- IX. El terror de 1824 ; Un voluntario realista / ilustrado por G&#xF3;mez Soler y Pellicer -- X. Los apost&#xF3;licos ; Un faccioso m&#xE1;s y algunos frailes menos / ilustrado por M&#xE9;lida ... [et al.]</subfield>
  </datafield>
  <datafield tag="530" ind1=" " ind2=" ">
    <subfield code="a">Disponible en formato digital</subfield>
  </datafield>
  <datafield tag="599" ind1=" " ind2=" ">
    <subfield code="a">Grab. calc. intercalados en el texto.</subfield>
  </datafield>
  <datafield tag="651" ind1=" " ind2="4">
    <subfield code="a">Espa&#xF1;a-</subfield>
    <subfield code="x">Historia-</subfield>
    <subfield code="y">S.XIX-</subfield>
    <subfield code="v">Novelas.</subfield>
    <subfield code="9">138159</subfield>
  </datafield>
  <datafield tag="655" ind1=" " ind2="7">
    <subfield code="2">tgfbne</subfield>
    <subfield code="a">Novelas hist&#xF3;ricas</subfield>
    <subfield code="9">226782</subfield>
  </datafield>
  <datafield tag="655" ind1=" " ind2="7">
    <subfield code="2">tgfbne</subfield>
    <subfield code="a">Libros ilustrados</subfield>
    <subfield code="9">193653</subfield>
  </datafield>
  <datafield tag="700" ind1="1" ind2=" ">
    <subfield code="a">M&#xE9;lida, Enrique,</subfield>
    <subfield code="d">1838-1892</subfield>
    <subfield code="9">129808</subfield>
    <subfield code="e">ill</subfield>
  </datafield>
  <datafield tag="700" ind1="1" ind2=" ">
    <subfield code="a">M&#xE9;lida y Alinari, Arturo,</subfield>
    <subfield code="d">1849-1902</subfield>
    <subfield code="9">79968</subfield>
    <subfield code="e">ill</subfield>
  </datafield>
  <datafield tag="700" ind1="1" ind2=" ">
    <subfield code="a">Lizcano Monedero, &#xC1;ngel,</subfield>
    <subfield code="d">1846-1929</subfield>
    <subfield code="9">157082</subfield>
    <subfield code="e">ill</subfield>
  </datafield>
  <datafield tag="700" ind1="1" ind2=" ">
    <subfield code="a">Pellicer, Josep Lluis,</subfield>
    <subfield code="d">1842-1901</subfield>
    <subfield code="9">143862</subfield>
    <subfield code="e">ill</subfield>
  </datafield>
  <datafield tag="700" ind1="1" ind2=" ">
    <subfield code="a">Mestres, Apeles,</subfield>
    <subfield code="d">1854-1936</subfield>
    <subfield code="9">140420</subfield>
    <subfield code="e">ill</subfield>
  </datafield>
  <datafield tag="700" ind1="1" ind2=" ">
    <subfield code="a">Sala, Emilio,</subfield>
    <subfield code="d">1850-1910</subfield>
    <subfield code="9">173469</subfield>
    <subfield code="e">ill</subfield>
  </datafield>
  <datafield tag="700" ind1="1" ind2=" ">
    <subfield code="a">G&#xF3;mez Soler, Francisco,</subfield>
    <subfield code="d">ca. 1860-1899</subfield>
    <subfield code="9">146333</subfield>
    <subfield code="e">ill</subfield>
  </datafield>
  <datafield tag="700" ind1="1" ind2=" ">
    <subfield code="a">Estevan, Enrique,</subfield>
    <subfield code="d">1849-1927</subfield>
    <subfield code="9">48126</subfield>
    <subfield code="e">ill</subfield>
  </datafield>
  <datafield tag="852" ind1=" " ind2=" ">
    <subfield code="a">ES-MaACL</subfield>
    <subfield code="c">SPAL</subfield>
    <subfield code="j">C-1409-18   </subfield>
    <subfield code="x">Holandesa (vol. I-III y V)</subfield>
    <subfield code="x">Pasta (vol. IV, VI-X)</subfield>
  </datafield>
  <datafield tag="856" ind1="4" ind2=" ">
    <subfield code="u">http://bdh-rd.bne.es/viewer.vm?id=0000201259&amp;page=1</subfield>
    <subfield code="y">Versi&#xF3;n en l&#xED;nea (Vol. I)</subfield>
    <subfield code="z">(Biblioteca Digital Hisp&#xE1;nica)</subfield>
  </datafield>
  <datafield tag="856" ind1="4" ind2=" ">
    <subfield code="u">http://bdh-rd.bne.es/viewer.vm?id=0000201133&amp;page=1</subfield>
    <subfield code="y">Versi&#xF3;n en l&#xED;nea (Vol. II)</subfield>
    <subfield code="z">(Biblioteca Digital Hisp&#xE1;nica)</subfield>
  </datafield>
  <datafield tag="856" ind1="4" ind2=" ">
    <subfield code="u">http://bdh-rd.bne.es/viewer.vm?id=0000201261&amp;page=1</subfield>
    <subfield code="y">Versi&#xF3;n en l&#xED;nea (Vol. III)</subfield>
    <subfield code="z">(Biblioteca Digital Hisp&#xE1;nica)</subfield>
  </datafield>
  <datafield tag="856" ind1="4" ind2=" ">
    <subfield code="u">http://bdh-rd.bne.es/viewer.vm?id=0000232998&amp;page=1</subfield>
    <subfield code="y">Versi&#xF3;n en l&#xED;nea (Vol. IV)</subfield>
    <subfield code="z">(Biblioteca Digital Hisp&#xE1;nica)</subfield>
  </datafield>
  <datafield tag="856" ind1="4" ind2=" ">
    <subfield code="u">http://bdh-rd.bne.es/viewer.vm?id=0000233193&amp;page=1</subfield>
    <subfield code="y">Versi&#xF3;n en l&#xED;nea (Vol. V)</subfield>
    <subfield code="z">(Biblioteca Digital Hisp&#xE1;nica)</subfield>
  </datafield>
  <datafield tag="856" ind1="4" ind2=" ">
    <subfield code="u">http://bdh-rd.bne.es/viewer.vm?id=0000201267&amp;page=1</subfield>
    <subfield code="y">Versi&#xF3;n en l&#xED;nea (Vol. VI)</subfield>
    <subfield code="z">(Biblioteca Digital Hisp&#xE1;nica)</subfield>
  </datafield>
  <datafield tag="856" ind1="4" ind2=" ">
    <subfield code="u">http://bdh-rd.bne.es/viewer.vm?id=0000201269&amp;page=1</subfield>
    <subfield code="y">Versi&#xF3;n en l&#xED;nea (Vol. VII)</subfield>
    <subfield code="z">(Biblioteca Digital Hisp&#xE1;nica)</subfield>
  </datafield>
  <datafield tag="856" ind1="4" ind2=" ">
    <subfield code="u">http://bdh-rd.bne.es/viewer.vm?id=0000201275&amp;page=1</subfield>
    <subfield code="y">Versi&#xF3;n en l&#xED;nea (Vol. VIII)</subfield>
    <subfield code="z">(Biblioteca Digital Hisp&#xE1;nica)</subfield>
  </datafield>
  <datafield tag="856" ind1="4" ind2=" ">
    <subfield code="u">https://bvpb.mcu.es/es/consulta/registro.do?id=485133</subfield>
    <subfield code="y">Versi&#xF3;n en l&#xED;nea (Vol. IX)</subfield>
    <subfield code="z">(Biblioteca Virtual del Patrimonio Bibliogr&#xE1;fico)</subfield>
  </datafield>
  <datafield tag="856" ind1="4" ind2=" ">
    <subfield code="u">http://bdh-rd.bne.es/viewer.vm?id=0000233007&amp;page=1</subfield>
    <subfield code="y">Versi&#xF3;n en l&#xED;nea (Vol. X)</subfield>
    <subfield code="z">(Biblioteca Digital Hisp&#xE1;nica)</subfield>
  </datafield>
  <datafield tag="942" ind1=" " ind2=" ">
    <subfield code="c">MONANT</subfield>
    <subfield code="n">0</subfield>
  </datafield>
  <datafield tag="999" ind1=" " ind2=" ">
    <subfield code="c">161841</subfield>
    <subfield code="d">161841</subfield>
  </datafield>
  <datafield tag="952" ind1=" " ind2=" ">
    <subfield code="0">0</subfield>
    <subfield code="1">0</subfield>
    <subfield code="2">udc</subfield>
    <subfield code="4">0</subfield>
    <subfield code="7">0</subfield>
    <subfield code="8">LIBXIX</subfield>
    <subfield code="a">ATENEOM</subfield>
    <subfield code="b">ATENEOM</subfield>
    <subfield code="c">SPAL</subfield>
    <subfield code="d">2008-01-17</subfield>
    <subfield code="j">1</subfield>
    <subfield code="l">0</subfield>
    <subfield code="o">C-1409-18</subfield>
    <subfield code="p">1169532</subfield>
    <subfield code="r">2023-07-15 00:00:00</subfield>
    <subfield code="y">MONANT</subfield>
  </datafield>
</record>
